书目信息 |
| 题名: |
热爱生命
|
|
| 作者: | 杰克·伦敦 著 ;姬旭升 译 | |
| 分册: | ||
| 出版信息: | 北京 北京燕山出版社 1999.09 |
|
| 页数: | 423页 | |
| 开本: | 32开 | |
| 丛书名: | 世界文学文库 | |
| 单 册: | ||
| 中图分类: | I712.44 | |
| 科图分类: | ||
| 主题词: | 文学 | |
| 电子资源: | ||
| ISBN: | 7-5402-1083-4 | |
| 000 | 00667nam0 2200229 45 | |
| 001 | 0206281581 | |
| 005 | 20020628152225.5 | |
| 010 | @a7-5402-1083-4@d15.00元 | |
| 100 | @a20020628d1999 km y0chiy0120 ea | |
| 101 | 0 | @achi |
| 105 | @a z 000yy | |
| 200 | 1 | @a热爱生命@ARe Ai Sheng Ming@f(美)杰克·伦敦著@F(Mei)Jie Ke·Lun Dun Zhu@g姬旭升等译 |
| 210 | @a北京@c北京燕山出版社@d1999.09 | |
| 215 | @a423页@d32开 | |
| 225 | @a世界文学文库 | |
| 410 | @12001 @a世界文学文库 | |
| 606 | 0 | @a文学 |
| 690 | @aI712.44@v3 | |
| 701 | 0 | @a杰克·伦敦@4著 |
| 702 | 0 | @a姬旭升@AJi Xu Sheng@4译 |
| 801 | @aCN@bPftUser@c20020628 | |
| 905 | @aBZT@b341982-984@dI712.44@e11@f3 | |
| 热爱生命/(美)杰克·伦敦著/姬旭升等译.-北京:北京燕山出版社,1999.09 |
| 423页;32开.-(世界文学文库) |
| ISBN 7-5402-1083-4:15.00元 |
| ● |
| 相关链接 |
|
|
|
正题名:热爱生命
索取号:I712.44/11
 
预约/预借
| 序号 | 登录号 | 条形码 | 馆藏地/架位号 | 状态 | 备注 |
| 1 | 341982 | 201401919 | 中心书库中库/打包BH1571/ [索取号:I712.44/11] | 在馆 | |
| 2 | 341983 | 201401900 | 中心书库中库/打包BH1677/ [索取号:I712.44/11] | 在馆 | |
| 3 | 341984 | 201401928 | 中心书库中库/打包BH1677/ [索取号:I712.44/11] | 在馆 |